000 00470nam a22001697a 4500
003 OSt
005 20140310181753.0
008 130628t xxu||||| |||| 00| 0 eng d
020 _a9715691870
050 _aPQ 8897
_b.R627 1996
082 _aFIL 899.2103
_bR52nt 1996
245 _aNoli Me Tangere /
_cRizal, Jose; Lacson-Locsin, Ma. Soledad; Locsin, Raul.
260 _aMakati City :
_bBookmark,
_cc1996.
300 _a452 p. :
_c23 cm.
562 _e1
942 _2lcc
_cBK
999 _c3334
_d3334